Thawrah fī ʻālam al-insān / (Record no. 50136)

MARC details
000 -LEADER
fixed length control field 00610cam a22002171 4500
001 - CONTROL NUMBER
control field ne 68000698
003 - CONTROL NUMBER IDENTIFIER
control field DLC
005 - DATE AND TIME OF LATEST TRANSACTION
control field 20260227111838.0
008 - FIXED-LENGTH DATA ELEMENTS--GENERAL INFORMATION
fixed length control field 931130s1967 le 000 0 arar
010 ## - LIBRARY OF CONGRESS CONTROL NUMBER
LC control number ne 68000698
035 ## - SYSTEM CONTROL NUMBER
System control number (OCoLC)29404829
040 ## - CATALOGING SOURCE
Original cataloging agency DLC
Transcribing agency CU
Modifying agency CU
-- DLC
042 ## - AUTHENTICATION CODE
Authentication code premarc
050 00 - LIBRARY OF CONGRESS CALL NUMBER
Classification number HX431.L4
Item number J8
100 1# - MAIN ENTRY--PERSONAL NAME
Personal name Junblāṭ, Kamāl,
Dates associated with a name 1917-1977.
245 10 - TITLE STATEMENT
Title Thawrah fī ʻālam al-insān /
Statement of responsibility, etc. Kamāl Junblāṭ.
260 ## - PUBLICATION, DISTRIBUTION, ETC.
Place of publication, distribution, etc. Bayrūt :
Name of publisher, distributor, etc. Dār Ṣādir,
Date of publication, distribution, etc. [1967]
300 ## - PHYSICAL DESCRIPTION
Extent 338 p. ;
Dimensions 20 cm.
650 #0 - SUBJECT ADDED ENTRY--TOPICAL TERM
Topical term or geographic name entry element Socialism
Geographic subdivision Lebanon.
651 #0 - SUBJECT ADDED ENTRY--GEOGRAPHIC NAME
Geographic name Lebanon
General subdivision Politics and government.

No items available.

Powered by Koha